PRACTICAL PHARMACETUICAL CHEMISTRY PART 1 (Record no. 30723)
[ view plain ]
| 000 -LEADER | |
|---|---|
| fixed length control field | 00319nam a2200121Ia 4500 |
| 008 - FIXED-LENGTH DATA ELEMENTS--GENERAL INFORMATION | |
| fixed length control field | 170620s9999 xx 000 0 und d |
| 100 ## - MAIN ENTRY--PERSONAL NAME | |
| Personal name | BECKETT-A.H. |
| 245 #0 - TITLE STATEMENT | |
| Title | PRACTICAL PHARMACETUICAL CHEMISTRY PART 1 |
| 260 ## - PUBLICATION, DISTRIBUTION, ETC. | |
| Name of publisher, distributor, etc. | CBS DELHI |
| 260 ## - PUBLICATION, DISTRIBUTION, ETC. | |
| Date of publication, distribution, etc. | 2005 |
| 300 ## - PHYSICAL DESCRIPTION | |
| Extent | 326 |
| 546 ## - LANGUAGE NOTE | |
| Language note | English |
| 690 ## - LOCAL SUBJECT ADDED ENTRY--TOPICAL TERM (OCLC, RLIN) | |
| Topical term or geographic name as entry element | PRACTICAL PHARMACETUICAL CHEMISTRY PART 1 |
| Withdrawn status | Lost status | Source of classification or shelving scheme | Damaged status | Not for loan | Home library | Current library | Date acquired | Source of acquisition | Total Checkouts | Barcode | Date last seen | Date last checked out | Price effective from | Koha item type |
|---|---|---|---|---|---|---|---|---|---|---|---|---|---|---|
| NOIDA College IIMT College of Pharmacy | NOIDA College IIMT College of Pharmacy | 01/12/2014 | 1 | 1 | 12-B-995 | 05/06/2024 | 05/03/2023 | 06/26/2017 | Text-Book- for 7 days |

